|
|
|
|
| LEADER |
00000nam2a2200000 4500 |
| 001 |
137024 |
| 005 |
20231031140852.0 |
| 010 |
|
|
|a 5718300674
|
| 020 |
|
|
|a RU
|b 93-13031
|
| 035 |
|
|
|a (RuTPU)RU\TPU\book\148510
|
| 090 |
|
|
|a 137024
|
| 100 |
|
|
|a 20080503g1993 m a0rusy5003 ca
|
| 101 |
0 |
|
|a rus
|
| 102 |
|
|
|a RU
|
| 105 |
|
|
|a a z 001zy
|
| 200 |
0 |
|
|a Т. 1: 27 февраля - 31 марта 1917 года
|
| 210 |
|
|
|d 1993
|
| 215 |
|
|
|a 662 с.
|
| 461 |
|
1 |
|0 (RuTPU)RU\TPU\book\162421
|t Петроградский совет рабочих и солдатских депутатов в 1917 году
|o протоколы, стенограммы и отчеты, резолюции, постановления общих собраний, собраний секций, заседений Исполнительного комитета и фракций 27 февраля - 25 октября 1917 года
|o в пяти томах
|f Академия наук СССР (АН СССР), Ленинградское отделение (ЛО), Институт истории СССР (ИИ СССР) ; под ред. П. В. Волобуева
|v Т. 1: 27 февраля - 31 марта 1917 года
|d 1991
|
| 610 |
1 |
|
|a протоколы
|
| 610 |
1 |
|
|a стенография
|
| 610 |
1 |
|
|a стенограммы
|
| 610 |
1 |
|
|a отчеты
|
| 686 |
|
|
|a Т3(2)711.29-3
|2 rubbk
|
| 801 |
|
0 |
|a RU
|b RuMRKP
|c 19960705
|g psbo
|
| 801 |
|
1 |
|a RU
|b 63413507
|c 20080503
|g PSBO
|
| 801 |
|
2 |
|a RU
|b 63413507
|c 20081222
|g PSBO
|
| 942 |
|
|
|c BK
|